[Event "RUS-ch qual 57th"]
[Site "St Petersburg"]
[Date "2004.05.30"]
[Round "9"]
[White "Tregubov, Pavel V"]
[Black "Burmakin, Vladimir"]
[Result "1-0"]
[WhiteElo "2636"]
[BlackElo "2571"]
[Annotator "Mikhalevski,V"]
[PlyCount "84"]
[EventDate "2004.05.21"]
[EventType "swiss"]
[EventRounds "9"]
[EventCountry "RUS"]
[SourceTitle "CBM 102"]
[Source "ChessBase"]
[SourceDate "2004.09.23"]
[SourceVersion "1"]
[SourceVersionDate "2004.09.23"]
[SourceQuality "1"]

1. d4 {Kortschnoj} c6 2. Nf3 Nf6 3. c4 d5 4. e3 e6 5. Bd3 Nbd7 6. O-O Bd6 7.
Nbd2 O-O 8. e4 e5 9. cxd5 cxd5 10. exd5 exd4 {This symmetric position is not
as simple as it may seem and contains a lot of hidden resources. Nevertheless
the theory considers it to be about equal. Kortschnoj: 'This position is
well-known. According to adopted chess logic, in symmetrical positions white,
due to the first move, must have an edge. But to prove it in practice is not
easy.'} 11. Ne4 Nxe4 {Kortschnoj: 'Another line of defence - that one which is
not easy to crack is 11...Ne5.'} ({Not many are ready to repeat Black's play
in the game Tartakower,S-Rosseli del Turco,S/Semmering 1926.} 11... Ne5 12. Bg5
Bg4 13. Bxf6 Bxf3 14. Bxd8 Bxd1 15. Raxd1 Raxd8 16. Be2 Bb8 17. Rxd4 {and
eventually White won despite a tough defense.}) 12. Bxe4 Nf6 {This logical
move is the main stream of the variation.} ({Sometimes black tries to deviate
with moves like} 12... Nc5 {, but usually it doesn't bring equality like in
the following game.} 13. Bc2 Bg4 14. Qxd4 Bxf3 15. gxf3 Re8 16. Be3 Re5 17. Qg4
Nd7 18. f4 Nf6 19. Qf3 Rxd5 20. Bb3 Rf5 21. Qxb7 Bxf4 22. Bxf7+ Kh8 23. Rad1
Qf8 24. Be6 $16 {1-0 Karpov,A-Shirov,A/Monte Carlo 1995/CBM 46 ext (44). (43)})
13. Bg5 ({The main alternative is} 13. Qxd4 {which occured in the game Dautov,
R-Shirov,A, Bundesliga 0102 which was commented for EXT 2002 by Dautov himself.
Usually play continue like following} Nxe4 14. Qxe4 Re8 15. Qd4 Bf5 16. Bg5 {
and here black has to choose the right response. In the above-mentioned game
he played an unfortunate} Qd7 $6 {and soon got in trouble and eventually lost.}
) 13... Be7 (13... h6 {turned out to not enough for equality} 14. Bxf6 Qxf6 15.
Qxd4 Qxd4 16. Nxd4 Bd7 17. Rac1 g6 18. Bd3 a6 19. Nb3 Rfc8 20. Na5 Rxc1 21.
Rxc1 Rc8 22. Rd1 b5 23. Nb7 Bf8 24. Be4 Rc4 25. Bf3 Bc8 26. d6 Bxb7 27. d7 Bxf3
28. d8=Q Bxd1 29. Qxd1 $16 {1-0 Tregubov,P-Kallai,G/France 2002/CBM 88 ext (60)
. (59) and it's not easy for Black to build a fortress.}) 14. Bc2 ({I doubt
that White can hope for advantage by playing Kortschnoj: Also} 14. Bxf6 Bxf6
15. Qd3 {black's counterplay along the big diagonal was sufficient after} (15.
Nxd4 {(Kortschnoj) is promising for white, since} Qb6 16. Nb3 Bxb2 {will be
met by} 17. Bxh7+ Kxh7 18. Qc2+ $16) 15... g6 16. Nxd4 Qb6 17. Nb3 Bd7 18. Rfd1
Rfe8 19. Qf3 Kg7 20. h3 Qb4 21. Bd3 Ba4 22. Rac1 Rac8 23. Rxc8 Rxc8 24. Qe4
Qxe4 25. Bxe4 Bxb2 $11 {1/2-1/2 Burmakin,V-Haba,P/Pardubice 2001/CBM 83 ext 
(52)}) 14... Nxd5 ({Now} 14... h6 {is better than a move before. In the
following game Black didn't have problems to equalize. Probably White could
try to improve on the move 17.} 15. Bh4 g5 16. Bg3 Bg4 17. Qxd4 (17. Bb3 $5)
17... Qxd5 18. Qxd5 Nxd5 19. Be4 Nf4 20. Bxf4 gxf4 21. Rac1 Rac8 22. b3 Bxf3
23. Bxf3 b6 24. Rfd1 Ba3 25. Rc4 Rxc4 26. bxc4 Re8 $11 27. Kf1 {1/2-1/2
Huebner,R-Pavasovic,D/Leipzig 2002/CBM 89 (27)}) (14... Qxd5 {Kortschnoj} 15.
Re1 {White wins many tempi for further development of his pieces (15...Bg4? 16.
Qd3+-)}) 15. Bxe7 Nxe7 ({Kortschnoj: Also after} 15... Qxe7 16. Qxd4 {
Kortschnoj: 'white has some advantage.'} Be6 17. Rfe1 Qf6 (17... Rfd8 {was
also tested.}) 18. Bb3 Rfe8 19. Rad1 Nf4 20. Bxe6 ({Also after} 20. Qxf6 $5
gxf6 21. Bxe6 fxe6 22. Rd7 $14 {White is better.}) 20... Rxe6 21. Rxe6 Nxe6 22.
Qxf6 gxf6 23. g3 $14 {1/2-1/2 Trichkov,V-Haba,P/Czechia 2001/EXT 2003 (56)})
16. Nxd4 $5 {An interesting novelty. White keeps the queens and hopes to be
better as Black has some problems to develop his light-squared bishop.} ({
White obtains a slight advantage after} 16. Qxd4 Bf5 17. Bxf5 Nxf5 18. Qb4 Qb6
19. Qxb6 axb6 20. a3 Rfd8 21. Rfd1 {, but it's not easy, if possible at all,
to convert it into a win.} Ne7 22. Ne5 Nc6 23. Nc4 b5 24. Nd6 (24. Nb6 $5 Rxd1+
25. Rxd1 $14) 24... b4 25. Nxb7 Rxd1+ 26. Rxd1 bxa3 27. bxa3 Rxa3 {1/2-1/2
Bacrot,E-Kasimdzhanov,R EUR-ASIA m rapid, 2001.}) 16... Ng6 {[%cal Gd8f6]} (
16... Qb6 $5) 17. Re1 Qf6 {Kortschnoj: 'Anyway, the position looks absolutely
equal. But the next white move changes the general impression...'} (17... Re8
$5 {Kortschnoj}) 18. Bb3 $5 {'!' Kortschnoj. Surprisingly Tregubov allows a
pin along the d-file which turns out to be not dangerous. Kortschnoj:
'Certainly a fruit of home preparation.'} (18. Qd2 $5) 18... a5 {'?!'
Kortschnoj. This move looks wrong as it weakens the queenside, but from the
other hand Burmakin prepares to bring his queen rook into play via a6 to d6.} (
{The natural looking} 18... Rd8 {doesn't bring equality in view of} 19. Qf3 $1
Rxd4 ({Also} 19... Bg4 $5 20. Qxf6 gxf6 21. Nb5 Rd2 22. Rac1 $1 {[%cal Gc1c7]})
(19... Qxd4 $4 20. Qxf7+ Kh8 21. Re8+) ({Kortschnoj: Or} 19... Qxf3 20. Nxf3 {
Kortschnoj: 'and black has problems to complete his development.'} Bg4 21. Ng5
$14) 20. Re8+ Nf8 21. Qxf6 gxf6 22. Rc1 $14 {White wins back a piece and
obtains a better position.} Rd2 {Kortschnoj} 23. h3 $1 {White recaptures the
piece with a certain edge in the endgame.}) ({Kortschnoj: Still, the best move
was not a tricky a7-a5, but} 18... Bd7 $5 {finishing development deserved a
serious attention. Kortschnoj: 'It is not clear, whether white was able then
to strengthen his position.'}) 19. Nb5 $6 {Kortschnoj: 'Obviously the most
active move...'} (19. Re4 $142 {trying to stabilize the position.}) 19... Rd8
$6 {This natural move is not the best again.} ({After} 19... Be6 $1 20. Bxe6 (
20. Nc3 $142) 20... fxe6 $15 {Black's pressure shouldn't be underestimated.
He's threatening Qxf2; Qxb2 and also Nf4 followed by Qg5.}) ({... although
consequenses of} 19... Qxb2 {(Kortschnoj) were not clear to me. It seems, the
best would be gradually to strengthen the pressure by 20.Rc1 and eventually
Rc7, but after 20...a4! white has problems to obtain compensation for the pawn.
} {So, I have found the following line:} 20. Nc7 Rb8 21. Qd6 Qf6 22. Qxf6 gxf6
23. Ne8 f5 24. Nd6 {or Rad1 with a slight edge to white.}) 20. Qe2 a4 $2 {
'?!' Kortschnoj. Too optimistic. Kortschnoj: 'From now on black will have a
difficult life.'} ({Again simple development by means of Kortschnoj: He had to
continue} 20... Bd7 $5 {was better.} 21. Nc7 {Kortschnoj} Nf4 22. Qe7 Rac8 $14
(22... Nh3+ $145 $1 $11)) {Probably Black missed the following manoeuvre.} 21.
Nc7 $1 Ra5 22. Nd5 $1 $16 {Suddenly White develops a very strong initiative
based on the weakness of the last rank.} Qd6 (22... Raxd5 23. Bxd5 Rxd5 24.
Qe8+ Nf8 25. Qxc8 Rd2 26. Qc5) 23. Rad1 $1 {White bring the rook into play
with a tempo.} Rf8 $1 {The only defense. Kortschnoj: 'Black finds himself on a
slippery road of the only moves...'} (23... axb3 $2 {loses to} 24. Ne7+ $1) 24.
Bc4 Rc5 (24... Bf5 $2 {is bad in view of} 25. Qf3 {with the idea Ne7+.}) 25. b4
$1 axb3 26. Bxb3 $1 {White has succeeded to stabilize his advantage while
Black still have a lot of problems to solve.} Qc6 $2 ({Kortschnoj: But now he
stumbles - the only move was} 26... Kh8 $1 {was necessary in order to meet
Kortschnoj: 'White would continue then'} 27. Ne7 (27. Qe3 {(Kortschnoj) with
the threat Nf4, still with an edge.}) {with} 27... Qf6) 27. Ne7+ Nxe7 28. Qxe7
{'+/-' Kortschnoj.} g6 {Kortschnoj: 'Due to the threats Bf7 and Rd8, it was
the only move.'} 29. Rd8 Rxd8 30. Bxf7+ Kh8 31. Qxd8+ Kg7 32. Bb3 {White
misses a nice forced win.} (32. Qg8+ $1 Kh6 (32... Kf6 33. Bb3 $1 {[%cal Gg8f8]
} Qd6 34. h4 $1 {[%cal Gg8h8]} Rc7 35. Qh8+ Kf5 36. Rd1 $18 {[%cal Gd1d5]}) 33.
Bxg6 $3 {was crushing.} hxg6 (33... Qxg6 34. Qf8+ {[%csl Rc5,Rh6]}) (33... Qc7
34. Bxh7 $1 Rg5 35. Qf8+ $1 Kxh7 $140 (35... Qg7 36. Qxc8 Rxg2+ $140 37. Kh1
Kxh7 38. Qh3+) 36. Re7+) 34. Qh8+ Kg5 35. f4+ $1 Kf5 (35... Kxf4 {leads to a
forced mate after} 36. g3+ {For example} Kf5 37. Qf8+ Qf6 (37... Kg5 38. Qf4+
Kh5 39. Qh4#) 38. Qxc5+ Kg4 39. Re4+ Kh3 40. Qxc8+ Qf5 41. Rh4#) 36. Qh4 $1 Qf6
37. g4+) 32... Qf6 ({It was not possible to play} 32... Rc1 {(Kortschnoj)
because of} 33. Qe7+ Kh6 34. Qe3+ {[%cal Re3h6,Re3c1]}) 33. Qe8 ({It wasn't
late to lose} 33. Re7+ Kh6 34. Rxh7+ $4 (34. Kf1 $3 Rc1+ 35. Ke2 Qb2+ 36. Qd2+
Qxd2+ 37. Kxd2 Rc6 38. Bg8) 34... Kxh7 35. Qxf6 Rc1+) 33... Rc7 34. h3 Bf5 35.
Qe3 $16 {White has stabilized his position once again and an extra pawn will
play his role.} Bc2 $2 36. Bd5 $2 ({Both players missed} 36. Qc1 $1 {which
wins a piece.} Qc3 37. Bxc2 Qxc2 $140 38. Re7+ $1 Kf6 39. Rxc7 $18) 36... g5 $2
{Kortschnoj: 'To weaken the location of the black king was wrong. 36...Ba4 was
called for.'} 37. Qg3 Rd7 38. Re6 Qa1+ 39. Kh2 h6 40. Rb6 $6 (40. Qe3 $1 {
was better.} Rxd5 41. Re7+ Kg6 42. Qb6+ Qf6 (42... Kh5 43. g4+ Kh4 44. Qxh6#)
43. Re6 $18) 40... Rxd5 $2 {loses on the spot.} (40... Qd4 {was a tougher
defence, but the arising queen endgame with two extra pawns is winning for
White.} 41. Rxb7 Qxd5 42. Qc3+ Kf7 43. Rxd7+ Qxd7 44. Qxc2 $18) 41. Qc7+ Kf8
42. Qc8+ $1 {White wins at least a rook and so after playing} Ke7 {Burmakin
decided not to wait for his opponent's response and resigned. An interesting
game despite a number of mistakes in time-trouble.} (42... Ke7 43. Re6+ Kf7 44.
Qe8+ Kg7 45. Re7+ Kf6 46. Qf7#) 1-0

[Event "Bundesliga 0405"]
[Site "Germany"]
[Date "2005.01.29"]
[Round "8.2"]
[White "Glek, Igor Vladimirovich"]
[Black "Miroshnichenko, Evgenij"]
[Result "1/2-1/2"]
[WhiteElo "2580"]
[BlackElo "2617"]
[Annotator "Mikhalevski,V"]
[PlyCount "55"]
[EventDate "2004.11.12"]
[EventType "team-tourn"]
[EventRounds "15"]
[EventCountry "GER"]
[SourceTitle "CBM 106"]
[Source "ChessBase"]
[SourceDate "2005.06.06"]
[SourceVersion "1"]
[SourceVersionDate "2005.06.06"]
[SourceQuality "1"]
[WhiteTeam "Katernberg"]
[BlackTeam "Neukoelln"]
[WhiteTeamCountry "GER"]
[BlackTeamCountry "GER"]

1. d4 Nf6 2. Nf3 d5 3. c4 c6 4. e3 e6 5. Nbd2 c5 $1 {Black is hoping that the
position of the white knight on d2 is worth a tempo. Moreover the black knight
will attack the centre from c6.} 6. a3 cxd4 7. exd4 Nc6 {It's interesting that
in some games this position arised with an extra tempo for Black. The latter
avoids the main line and makes a risky, but possible move which allows c5.} (
7... dxc4 {creating an isolated pawn on d4 is the main line here.} 8. Nxc4 Be7
9. Nce5 (9. Bf4 Nc6 10. Rc1 O-O 11. Bd3 b6 12. Nce5 Nxe5 13. dxe5 Nd5 14. Bd2
Bb7 15. Qe2 Qd7 16. Bb5 Qd8 17. O-O Rc8 {1/2-1/2 Sargissian,G-Ivanchuk,V/
Istanbul 2003/CBM 096 (27). (26) with a nominal edge for White.}) 9... O-O 10.
Bd3 Bd7 11. O-O Bc6 12. Be3 Bd5 13. Rc1 Nc6 14. Qe2 Rc8 15. Rfd1 a6 16. h3 Nd7
$11 {Branov,J-Atalik,S, Odessa Open 2004/CBM 102[Atalik].}) 8. c5 {[%cal Gb2b4]
White takes space on the queenside and prepares to strengthen his position
there with b4. Now Black's counterplay will be connected with either Ne4 or e5.
} a5 $5 {Black can't prevent b4, but he can try to open the a-file for his
queen rook.} (8... Qc7 {was a very interesting alternative. This way Black
indirectly prevents b4 and at the same time prepares a break in the centre
with e5.} 9. Be2 $1 {Developing the bishop and preparing b4. This looks like
the best way to meet e5.} (9. b4 $6 {can be met by} Nxd4 $1 {and White has to
look for counterplay by means of} 10. Bb2 ({After} 10. Nxd4 Qe5+ {Black wins
back a piece and remains with an extra pawn.})) (9. Bd3 b6 $5 {provoking} 10.
b4 ({In case of} 10. cxb6 Qxb6 {it's not easy to protect the d4-pawn.}) 10...
Nxd4 $1 {This idea seems to work again.} 11. Nxd4 Qe5+ {and even after a nice
idea} 12. Ne4 $1 {Black is fine:} bxc5 13. bxc5 dxe4 14. Bb5+ Nd7 15. Rb1 Bxc5
$1 16. Bc6 Bxd4 17. Bxa8 O-O $17 {with a clear advantage for Black.}) 9... e5
$140 $6 (9... a5 $5) 10. dxe5 Nxe5 11. b4 Be7 12. Bb2 $14 {with a nice
position for White.}) 9. Rb1 {[%cal Gb2b4] Renewing the idea of b4.} Be7 10. b4
({In case White prevents Ne4 with} 10. Bd3 {Black plays} Nd7 $1 {[%cal Ge7f6,
Ge6e5] Preparing Bf6 and e5 and obtains a good play.} 11. O-O ({After} 11. b4
axb4 12. axb4 Bf6 {[%csl Rd4] White can't protect the d4-pawn.}) 11... Bf6 12.
Qa4 O-O {[%cal Ge6e5] and White can't stop e5.}) 10... axb4 11. axb4 Ne4 $1 {
Just in time. Otherwise White plays Bd3 and Black would be doomed for a
passive defense.} 12. Qc2 Bf6 $1 {[%csl Rd4] Black is strengthening pressure
on the centre.} (12... Nxd2 $6 13. Bxd2 Bf6 14. Bc3 $14 {is better for White.})
13. Bb5 (13. Nxe4 dxe4 14. Qxe4 Nxd4 15. Nxd4 Qxd4 16. Bb5+ Ke7 {is rather
safe for Black.}) 13... O-O 14. Bxc6 Nxd2 (14... bxc6 $5 {was interesting.
This way Black sacrifices two pawns, but prevents a short castle.} 15. Nxe4
dxe4 16. Qxe4 Ba6 $1 {[%csl Re1]} 17. Qxc6 Bd3 18. Rb3 Bc4 $1 {[%csl Rb3][%cal
Gc4d5]} ({But not} 18... Ra1 $2 19. Rxd3 Rxc1+ 20. Rd1 Rxd1+ 21. Kxd1 Bxd4 22.
Ke2 $16) 19. Rc3 Bd5 20. Qd6 Qxd6 21. cxd6 Rfd8 {[%csl Rd6] and Black returns
the d6-pawn and obtains sufficient compensation for another one thanks to
weaknesses on d4 and b4 and a bishop pair.}) 15. Bxd2 bxc6 16. O-O Ba6 17. Rfe1
Bb5 $11 {Black has solved opening problems.} (17... Bc4 $5 {[%cal Ga8a2]} 18.
Ra1 Rxa1 ({or} 18... Qe7 {[%cal Ge7b7]} 19. Bf4 Qb7 {preparing exchange of all
rooks.}) 19. Rxa1 Be2 {transposes into the game.}) 18. Ra1 Rxa1 19. Rxa1 Be2 $1
{Now it's already White who has to be careful.} 20. Ng5 {A tactical way to
solve a problem of the knight.} ({I think it would be safer to play} 20. Ne5
Bxe5 21. dxe5 d4 {is good for Black.} ({or} 21... Bb5 {[%cal Gd5d4] preparing
d4.})) 20... g6 $1 {[%csl Rg5] Black keeps the pressure on.} ({Also} 20... Bxg5
21. Bxg5 Qxg5 22. Qxe2 {shouldn't be too bad for Black, but the move in the
game is stronger.}) 21. Be3 Bg4 $1 {Now he takes away the h3 and f3-squares
from the white knight and thus forces the following:} 22. f4 (22. Qd2 {is
slightly better for Black after} h6 23. f3 Bf5 24. Nxf7 Rxf7 25. g4 g5 26. gxf5
exf5 $15) 22... e5 $5 {Black sacrifices a pawn and breaks in the centre.} (
22... h6 $5 {forcing doubling of the white pawns on the f-file deserved
serious attention.} 23. Nf3 Bxf3 24. gxf3) 23. dxe5 Bxg5 24. fxg5 d4 25. Bf4
Qd5 {[%csl Gd4,Rf4] It's clear that Black is at least not worse. White's extra
pawn on the kingside is not essential while Black obtained a strong passed
pawn on the d-file.} 26. h3 d3 27. Qc3 Be6 28. Bd2 {A short, but interesting
battle.} 1/2-1/2